Liedtext - Irgendwie, Irgendwo, Irgendwann - Nena - Statistiken

Allgemein
  • Dieses Quiz wurde 1.363 mal gespielt
  • Das Durchschnittsergebnis liegt bei 161 aus 209
Antwortstatistiken
Textquiz % Korrekt
irgendwann
98%
Irgendwie
98%
Irgendwo
98%
irgendwo
98%
ich
95%
Ich
95%
die
91%
Die
91%
ein
89%
du
85%
aus
84%
dir
83%
Zeit
83%
bau'
80%
Sand
80%
Schloss
80%
und
80%
mir
78%
ist
76%
Gib
75%
Hand
75%
für
74%
Wir
74%
bisschen
72%
das
72%
reif
71%
durch
70%
Zärtlichkeit
70%
Raum
69%
an
68%
nicht
68%
in
67%
Zukunft
66%
wie
65%
lang
64%
nach
64%
fängt
63%
mehr
63%
Unendlichkeit
62%
warte
62%
Nacht
61%
Liebe
60%
Richtung
60%
Fliegen
58%
Im
58%
wird
58%
gemacht
57%
Genau
57%
Licht
57%
auf
55%
fahr'n
54%
Motten
54%
Mut
53%
Denk
52%
lange
51%
einem
50%
Traum
50%
Sturz
49%
Feuerrädern
45%
Erwacht
42%
Dann
41%
Nur
35%
zurück
35%
Augenblick
33%
kurzer
32%
kehrt
31%
Keine übereinstimmenden Quizze gefunden
Verteilung der Resultate
Anzahl Personen mit jedem Resultat
Perzentil nach korrekt beantworteten Fragen
Ihre Resultats-Entwicklung
Sie haben dieses Quiz noch nicht gespielt